Statistics for Hobey Baker Award Winners by School

Click here to take the quiz!

General Stats

  • This quiz has been taken 17 times
    (7 since last reset)
  • The average score is 13 of 19

Answer Stats

NumberSchool% Correct
3Boston College
100%
4Boston University
100%
3Michigan
100%
2Michigan State
100%
4Minnesota
100%
6Minnesota-Duluth
100%
2Wisconsin
100%
2Denver
80%
1Minnesota State
80%
2North Dakota
80%
1St. Cloud State
80%
2Colorado College
60%
4Harvard
60%
2Maine
40%
1Massachusetts
40%
2Bowling Green
20%
1Miami
20%
1New Hampshire
20%
1Northeastern
20%

Score Distribution

Percentile by Number Answered

Percent of People with Each Score

Your Score History

You have not taken this quiz since the last reset